[Event "Oberfranken-ch"]
[Site "Schney"]
[Date "2011.01.06"]
[Round "7"]
[White "Seubert, Lukas"]
[Black "Stingl, Rene"]
[Result "0-1"]
[WhiteElo "1737"]
[BlackElo "1776"]
[PlyCount "86"]
[EventDate "2011.01.03"]
[EventType "swiss"]
[EventRounds "7"]
[EventCountry "GER"]
[SourceTitle "EXT 2022"]
[Source "ChessBase"]
[SourceDate "2021.10.06"]
[SourceVersion "1"]
[SourceVersionDate "2021.10.06"]
[SourceQuality "1"]

1. c4 g6 2. Nc3 Bg7 3. Nf3 c5 4. g3 Nc6 5. Bg2 d6 6. 0-0 Nf6 7. d3 0-0 8. Bd2 Bg4 9. h3 Bd7 10. Qc1 Qc8 11. Kh2 Nh5 12. Bh6 f5 13. Bxg7 Nxg7 14. Qh6 Ne6 15. Nd5 Rf7 16. Ng5 Nxg5 17. Qxg5 Qf8 18. Nc7 Rc8 19. Nb5 a6 20. Nc3 e6 21. Qd2 Qg7 22. Rab1 Rcf8 23. Qf4 e5 24. Qd2 Be6 25. Bd5 Bxd5 26. Nxd5 Nd4 27. Kg2 f4 28. gxf4 exf4 29. f3 Qe5 30. Kf2 Qh5 31. Rh1 Qh4+ 32. Kf1 Re8 33. Qe1 Nxf3 34. Qxh4 Nxh4 35. Rh2 Nf5 36. Kf2 Ne3 37. Nc3 Nf5 38. Ne4 Ng3 39. Nxg3 fxg3+ 40. Kxg3 Re3+ 41. Kg4 Kg7 42. Kh4 Rf4+ 43. Kg5 Rd4 0-1

[Event "Oberfranken-ch"]
[Site "Schney"]
[Date "2011.01.04"]
[Round "3"]
[White "Seubert, Lukas"]
[Black "Theiss, Karsten"]
[Result "1/2-1/2"]
[WhiteElo "1737"]
[BlackElo "1698"]
[PlyCount "44"]
[EventDate "2011.01.03"]
[EventType "swiss"]
[EventRounds "7"]
[EventCountry "GER"]
[SourceTitle "EXT 2022"]
[Source "ChessBase"]
[SourceDate "2021.10.06"]
[SourceVersion "1"]
[SourceVersionDate "2021.10.06"]
[SourceQuality "1"]

1. c4 g6 2. Nc3 c5 3. Nf3 Nc6 4. g3 Bg7 5. Bg2 Nf6 6. 0-0 0-0 7. d3 d6 8. Bd2 Bd7 9. Qc1 Qc8 10. Bh6 Bh3 11. Bxg7 Kxg7 12. Rd1 Bxg2 13. Kxg2 b6 14. b3 Qb7 15. Kg1 Rac8 16. Qb2 Kg8 17. e4 e5 18. Nd5 Nxd5 19. exd5 Nd4 20. Nxd4 exd4 21. Re1 Rfe8 22. Qd2 Qd7 1/2-1/2

[Event "Oberfranken-ch"]
[Site "Schney"]
[Date "2011.01.03"]
[Round "1"]
[White "Seubert, Lukas"]
[Black "Hofmann, Marko"]
[Result "1-0"]
[WhiteElo "1737"]
[BlackElo "1480"]
[PlyCount "55"]
[EventDate "2011.01.03"]
[EventType "swiss"]
[EventRounds "7"]
[EventCountry "GER"]
[SourceTitle "EXT 2022"]
[Source "ChessBase"]
[SourceDate "2021.10.06"]
[SourceVersion "1"]
[SourceVersionDate "2021.10.06"]
[SourceQuality "1"]

1. c4 Nf6 2. Nc3 g6 3. Nf3 Bg7 4. g3 0-0 5. Bg2 d6 6. 0-0 e5 7. e3 Bg4 8. h3 Bxf3 9. Bxf3 Nc6 10. d4 Rb8 11. Bxc6 bxc6 12. dxe5 dxe5 13. Qa4 Qc8 14. Kh2 Qb7 15. b3 Nd7 16. Rd1 Rfd8 17. Ba3 f5 18. Be7 Nb6 19. Qb4 Bf8 20. Rxd8 Rxd8 21. Bxf8 Rxf8 22. Qe7 e4 23. Qe6+ Kg7 24. Rd1 Rf7 25. Rd8 c5 26. Qe5+ Kh6 27. Rg8 f4 28. exf4 1-0

[Event "Regionalliga NW 1011"]
[Site "Bayern"]
[Date "2010.10.10"]
[Round "1.7"]
[White "Gernert, Ingolf"]
[Black "Seubert, Lukas"]
[Result "0-1"]
[WhiteElo "2022"]
[BlackElo "1737"]
[PlyCount "100"]
[EventDate "2010.10.10"]
[EventType "team-tourn"]
[EventRounds "9"]
[EventCountry "GER"]
[SourceTitle "EXT 2012"]
[Source "ChessBase"]
[SourceDate "2011.11.24"]
[SourceVersion "1"]
[SourceVersionDate "2011.11.24"]
[SourceQuality "1"]
[WhiteTeam "Kitzingen"]
[BlackTeam "Bamberg II"]
[WhiteTeamCountry "GER"]
[BlackTeamCountry "GER"]

1. e4 d5 2. exd5 Qxd5 3. Nc3 Qa5 4. d4 c6 5. Nf3 Nf6 6. Bc4 Bf5 7. Bd2 Nbd7 8. Nd5 Qd8 9. Nf4 e6 10. 0-0 Bd6 11. h3 0-0 12. Bd3 Bxd3 13. Nxd3 c5 14. dxc5 Nxc5 15. Nxc5 Bxc5 16. Qe2 Qb6 17. b4 Be7 18. c4 Rac8 19. Rfe1 a6 20. Rac1 Rfd8 21. Bc3 Nd7 22. a4 Bf6 23. c5 Qc7 24. Bd2 Qc6 25. b5 axb5 26. axb5 Qd5 27. Be3 Ne5 28. Nxe5 Qxe5 29. Red1 Rxd1+ 30. Qxd1 Rd8 31. Qf3 Bg5 32. Bxg5 Qxg5 33. Rd1 Rxd1+ 34. Qxd1 Qxc5 35. Qd8+ Qf8 36. Qc7 Qa8 37. Kh2 g6 38. h4 h5 39. f3 Kg7 40. Qe5+ Kg8 41. Qc7 Kg7 42. Kg3 Qa7 43. Qe5+ Kg8 44. Kf4 b6 45. g4 hxg4 46. fxg4 Kh7 47. h5 Qe7 48. hxg6+ Kxg6 49. Qe4+ Kg7 50. Qd4+ Qf6+ 0-1

[Event "Oberfranken-ch U18 0910"]
[Site "Schney"]
[Date "2010.01.04"]
[Round "3"]
[White "Duezardic, Hakan"]
[Black "Seubert, Lukas"]
[Result "1/2-1/2"]
[WhiteElo "1852"]
[BlackElo "1557"]
[PlyCount "55"]
[EventDate "2010.01.03"]
[EventType "swiss"]
[EventRounds "7"]
[EventCountry "GER"]
[SourceTitle "EXT 2015"]
[Source "ChessBase"]
[SourceDate "2014.11.20"]
[SourceVersion "1"]
[SourceVersionDate "2014.11.20"]
[SourceQuality "1"]

1. d4 d5 2. Nf3 Bf5 3. Bf4 Nf6 4. e3 c6 5. Bd3 Bxd3 6. Qxd3 e6 7. 0-0 Bd6 8. Be5 Bxe5 9. Nxe5 Nbd7 10. f4 Ne4 11. Nc3 Ndf6 12. Qe2 0-0 13. Nd1 Rc8 14. Rf3 c5 15. c3 cxd4 16. exd4 g6 17. g4 Nd7 18. Nf2 f5 19. g5 Nxe5 20. dxe5 Qb6 21. Kg2 Nxf2 22. Qxf2 Qxf2+ 23. Kxf2 Rc4 24. b3 Re4 25. Re1 Rc8 26. h4 h5 27. gxh6 Kh7 28. Rxe4 1/2-1/2

[Event "GER-chT U16"]
[Site "Verden an der Aller"]
[Date "2009.12.27"]
[Round "1.4"]
[White "Seubert, Lukas"]
[Black "Lauer, Florian"]
[Result "0-1"]
[WhiteElo "1557"]
[BlackElo "1678"]
[PlyCount "84"]
[EventDate "2009.12.27"]
[EventType "team-swiss"]
[EventRounds "7"]
[EventCountry "GER"]
[SourceTitle "EXT 2022"]
[Source "ChessBase"]
[SourceDate "2021.10.06"]
[SourceVersion "1"]
[SourceVersionDate "2021.10.06"]
[SourceQuality "1"]
[WhiteTeam "Bamberg SC U16"]
[BlackTeam "Koblenz VfR U16"]
[WhiteTeamCountry "GER"]
[BlackTeamCountry "GER"]

1. c4 e6 2. Nc3 Nf6 3. Nf3 d5 4. cxd5 exd5 5. d4 Be7 6. Bf4 0-0 7. e3 Bf5 8. a3 a6 9. Bd3 Bxd3 10. Qxd3 Nbd7 11. 0-0 b5 12. Rfc1 Rc8 13. b4 Nb6 14. Nd2 Nh5 15. Bg3 Nxg3 16. hxg3 f5 17. Nb3 c6 18. Ne2 Nc4 19. Nc5 Bxc5 20. dxc5 Qg5 21. Nd4 Ne5 22. Qd1 Qf6 23. Nf3 Ng4 24. Qd4 Qh6 25. Qf4 Qh5 26. Qg5 Qf7 27. Nd4 h6 28. Qf4 g5 29. Qd6 Qh5 30. Qe6+ Kh8 31. Nf3 Rc7 32. Qd6 Rff7 33. Kf1 Qh1+ 34. Ng1 Kg7 35. Re1 Nh2+ 36. Ke2 Qxg2 37. Qe5+ Kh7 38. Rad1 Ng4 39. Qd6 Nxf2 40. Kd2 Ne4+ 41. Kc1 Nxd6 42. cxd6 Rcd7 0-1

[Event "Oberfranken-ch U16 0809"]
[Site "Schney"]
[Date "2009.01.04"]
[Round "5"]
[White "Theiss, Karsten"]
[Black "Seubert, Lukas"]
[Result "1/2-1/2"]
[WhiteElo "1448"]
[BlackElo "1545"]
[PlyCount "37"]
[EventDate "2009.01.02"]
[EventType "swiss"]
[EventRounds "7"]
[EventCountry "GER"]
[SourceTitle "EXT 2012"]
[Source "ChessBase"]
[SourceDate "2011.11.24"]
[SourceVersion "1"]
[SourceVersionDate "2011.11.24"]
[SourceQuality "1"]

1. e4 c5 2. Nf3 Nc6 3. d4 cxd4 4. Nxd4 d6 5. Bc4 Bd7 6. Be3 g6 7. Nd2 Bg7 8. c3 Nf6 9. 0-0 Ng4 10. Nxc6 bxc6 11. Bf4 Ne5 12. Be2 c5 13. Rb1 Rb8 14. Nf3 Nxf3+ 15. Bxf3 Be6 16. Bd2 0-0 17. b3 Qa5 18. Qc2 Qc7 19. Rfe1 1/2-1/2

[Event "Oberliga Bayern 0809"]
[Site "Bayern"]
[Date "2008.10.05"]
[Round "1.8"]
[White "Seubert, Lukas"]
[Black "Boca, Harald"]
[Result "0-1"]
[WhiteElo "1545"]
[BlackElo "2080"]
[PlyCount "102"]
[EventDate "2008.10.05"]
[EventType "team-tourn"]
[EventRounds "9"]
[EventCountry "GER"]
[SourceTitle "EXT 2020"]
[Source "ChessBase"]
[SourceDate "2019.10.17"]
[SourceVersion "1"]
[SourceVersionDate "2019.10.17"]
[SourceQuality "1"]
[WhiteTeam "Bamberg SC"]
[BlackTeam "Regensburg Fortuna"]
[WhiteTeamCountry "GER"]
[BlackTeamCountry "GER"]

1. c4 e5 2. Nc3 Nf6 3. Nf3 Nc6 4. g3 d5 5. cxd5 Nxd5 6. Bg2 Nb6 7. 0-0 Be7 8. b3 0-0 9. Bb2 f5 10. d3 Be6 11. Nb1 Bf6 12. Nbd2 Qd7 13. Nc4 Nxc4 14. dxc4 e4 15. Bxf6 Qxd1 16. Rfxd1 exf3 17. Bxg7 Kxg7 18. Bxf3 Rfd8 19. Rdc1 Rd2 20. e3 Rad8 21. Rd1 Ne5 22. Be2 c5 23. f4 Nf7 24. Bf3 b6 25. Bd5 Rxd1+ 26. Rxd1 Bxd5 27. cxd5 Nd6 28. a4 a5 29. Kg2 Ne4 30. Rd3 Nf6 31. d6 Kf7 32. Kf3 Ke6 33. h3 h5 34. Ke2 Rxd6 35. Rxd6+ Kxd6 36. Kf3 Kc6 37. e4 fxe4+ 38. Ke3 Kd5 39. Ke2 c4 40. bxc4+ Kxc4 41. Ke3 Kd5 42. Ke2 Kd4 43. Kd2 e3+ 44. Ke2 Ke4 45. h4 Ng4 46. f5 Kxf5 47. Kf3 Ke5 48. Ke2 Ke4 49. Ke1 Kf3 50. Kf1 e2+ 51. Ke1 Ne3 0-1

[Event "Oberfranken-ch op 0607"]
[Site "Schney"]
[Date "2007.01.02"]
[Round "2"]
[White "Kuespert, Sven"]
[Black "Seubert, Lukas"]
[Result "1-0"]
[WhiteElo "1528"]
[BlackElo "1207"]
[PlyCount "37"]
[EventDate "2007.01.02"]
[EventType "swiss"]
[EventRounds "9"]
[EventCountry "GER"]
[SourceTitle "EXT 2024"]
[Source "ChessBase"]
[SourceDate "2023.10.10"]
[SourceVersion "1"]
[SourceVersionDate "2023.10.10"]
[SourceQuality "1"]

1. d4 Nf6 2. c4 e6 3. Nc3 b6 4. e4 d5 5. e5 Nfd7 6. Nf3 Be7 7. Bd3 Bb7 8. 0-0 a6 9. cxd5 exd5 10. Qb3 c6 11. Bf4 c5 12. Nxd5 Nc6 13. e6 Na5 14. exd7+ Qxd7 15. Nc7+ Kf8 16. Qxb6 Qg4 17. Nxa8 Bxf3 18. Qb8+ Qc8 19. Qxc8+ 1-0